[Event "FRA-ch Blitz Online Qual"]
[Site "Europe Echecs INT"]
[Date "2020.05.16"]
[Round "1"]
[White "Djidjeli, Sarah"]
[Black "Gabino, Karl"]
[Result "1-0"]
[WhiteElo "2074"]
[BlackElo "1331"]
[PlyCount "21"]
[EventDate "2020.05.16"]
[EventType "swiss (blitz)"]
[EventRounds "15"]
[EventCountry "FRA"]
[SourceTitle "CBM 196 Extra"]
[Source "ChessBase"]
[SourceDate "2020.07.31"]
[SourceVersion "1"]
[SourceVersionDate "2020.07.31"]
[SourceQuality "1"]

1. e4 c5 2. Nf3 g6 3. d4 cxd4 4. Qxd4 Nf6 5. Nc3 Nc6 6. Qa4 d6 7. e5 dxe5 8. Nxe5 Qc7 9. Bf4 Bg7 10. Nxc6 Qxf4 11. Qxf4 1-0

[Event "FRA-ch Blitz Online Qual"]
[Site "Europe Echecs INT"]
[Date "2020.05.16"]
[Round "7"]
[White "Gabino, Karl"]
[Black "Percheron, Andre"]
[Result "0-1"]
[WhiteElo "1331"]
[BlackElo "1846"]
[PlyCount "56"]
[EventDate "2020.05.16"]
[EventType "swiss (blitz)"]
[EventRounds "15"]
[EventCountry "FRA"]
[SourceTitle "CBM 196 Extra"]
[Source "ChessBase"]
[SourceDate "2020.07.31"]
[SourceVersion "1"]
[SourceVersionDate "2020.07.31"]
[SourceQuality "1"]

1. e4 c5 2. Nf3 Nc6 3. d4 cxd4 4. Nxd4 Nf6 5. Nc3 e5 6. Ndb5 d6 7. Bg5 a6 8. Na3 b5 9. Nd5 Be7 10. Nxb5 axb5 11. Bxb5 Bd7 12. c3 0-0 13. a4 Nxd5 14. exd5 Bxg5 15. dxc6 Be6 16. 0-0 d5 17. Qc2 Qf6 18. Rad1 Bf5 19. Qb3 Be6 20. Qb4 Qg6 21. c7 Rac8 22. Qc5 Bf4 23. Kh1 Qh5 24. g3 Qf3+ 25. Kg1 Bh3 26. Qxd5 e4 27. Qxe4 Qxe4 28. Ba6 Qg2# 0-1

[Event "FRA-ch Blitz Online Qual"]
[Site "Europe Echecs INT"]
[Date "2020.05.16"]
[Round "4"]
[White "Gabino, Karl"]
[Black "Perolini, Cedric"]
[Result "0-1"]
[WhiteElo "1331"]
[BlackElo "1706"]
[PlyCount "132"]
[EventDate "2020.05.16"]
[EventType "swiss (blitz)"]
[EventRounds "15"]
[EventCountry "FRA"]
[SourceTitle "CBM 196 Extra"]
[Source "ChessBase"]
[SourceDate "2020.07.31"]
[SourceVersion "1"]
[SourceVersionDate "2020.07.31"]
[SourceQuality "1"]

1. e4 e5 2. Bc4 Nc6 3. Nf3 Nf6 4. d3 Bc5 5. 0-0 d6 6. c3 Bg4 7. Nbd2 Qd7 8. b4 Bb6 9. a4 a5 10. b5 Ne7 11. Re1 Ng6 12. Nf1 0-0 13. Ng3 Be6 14. Ba2 Ng4 15. d4 exd4 16. cxd4 Bxa2 17. Rxa2 Rae8 18. h3 Nf6 19. Bg5 h6 20. Bxf6 gxf6 21. Nf5 Kh7 22. Qd2 Qxf5 23. exf5 Ne7 24. Nh4 Rg8 25. Re4 Rg5 26. Rg4 Reg8 27. Rxg5 fxg5 28. Nf3 Nxf5 29. g4 Ng7 30. Qd3+ Kh8 31. Re2 Ne6 32. Qf5 Kg7 33. Rxe6 fxe6 34. Qxe6 Rf8 35. Qe7+ Rf7 36. Qe3 c5 37. Qc3 cxd4 38. Nxd4 Kg6 39. Nf5 Rc7 40. Qf3 Rc1+ 41. Kg2 Rc5 42. Ne7+ Kg7 43. Qg3 Bd8 44. Qxd6 Rc7 45. Qg6+ Kf8 46. Nd5 Rd7 47. Qf6+ Rf7 48. Qd6+ Be7 49. Qb8+ Kg7 50. Qxb7 Bc5 51. Qc6 Rxf2+ 52. Kh1 Bb4 53. Qd7+ Rf7 54. Qxf7+ Kxf7 55. b6 Bd6 56. Nc7 Ke7 57. Kg2 Kd7 58. Kf3 Kc6 59. Ke4 Kxb6 60. Nb5 Kc5 61. Kf5 Bf8 62. Kg6 Kd5 63. Kf5 Kc4 64. Nc7 Kb4 65. Ne6 Bd6 66. Nf8 Bxf8 0-1